Database systems : (Record no. 14797)
[ view plain ]
| 000 -LEADER | |
|---|---|
| fixed length control field | 00868cam a22002535a 4500 |
| 001 - CONTROL NUMBER | |
| control field | 16156762 |
| 005 - DATE AND TIME OF LATEST TRANSACTION | |
| control field | 20171227143446.0 |
| 008 - FIXED-LENGTH DATA ELEMENTS--GENERAL INFORMATION | |
| fixed length control field | 100326t2011 maua frb 001 0 eng d |
| 020 ## - INTERNATIONAL STANDARD BOOK NUMBER | |
| International Standard Book Number | 0132144980 |
| 020 ## - INTERNATIONAL STANDARD BOOK NUMBER | |
| International Standard Book Number | 9780132144988 |
| 040 ## - CATALOGING SOURCE | |
| Original cataloging agency | DLC |
| Transcribing agency | DLC |
| Modifying agency | YDXCP |
| -- | C#P |
| -- | EG-ScBUE |
| -- | BWX |
| -- | DLC |
| -- | EG-ScBUE |
| Language of cataloging | eng |
| 082 04 - DEWEY DECIMAL CLASSIFICATION NUMBER | |
| Classification number | 005.74 |
| Edition number | 22 |
| Item number | ELM |
| 100 1# - MAIN ENTRY--PERSONAL NAME | |
| Personal name | Elmasri, Ramez. |
| 9 (RLIN) | 20650 |
| 245 10 - TITLE STATEMENT | |
| Title | Database systems : |
| Remainder of title | models, languages, design, and application programming / |
| Statement of responsibility, etc | Ramez Elmasri, Shamkant B. Navathe. |
| 250 ## - EDITION STATEMENT | |
| Edition statement | 6th ed., Global ed. |
| 260 ## - PUBLICATION, DISTRIBUTION, ETC. (IMPRINT) | |
| Place of publication, distribution, etc | Boston : |
| Name of publisher, distributor, etc | Pearson, |
| Date of publication, distribution, etc | c.2011. |
| 300 ## - PHYSICAL DESCRIPTION | |
| Extent | xxv, 1155 p. : |
| Other physical details | ill. ; |
| Dimensions | 24 cm. |
| 504 ## - BIBLIOGRAPHY, ETC. NOTE | |
| Bibliography, etc | Includes bibliographical references and index. |
| 650 #7 - SUBJECT ADDED ENTRY--TOPICAL TERM | |
| Topical term or geographic name as entry element | Database management. |
| 9 (RLIN) | 11309 |
| Source of heading or term | BUEsh |
| 651 ## - SUBJECT ADDED ENTRY--GEOGRAPHIC NAME | |
| Source of heading or term | BUEsh |
| 653 ## - INDEX TERM--UNCONTROLLED | |
| Resource For college | Informatics and Computer Science |
| Arrived date list | August2015 |
| -- | December2017 |
| 700 1# - ADDED ENTRY--PERSONAL NAME | |
| Personal name | Navathe,Shamkant B. |
| 9 (RLIN) | 20652 |
| 942 ## - ADDED ENTRY ELEMENTS (KOHA) | |
| Source of classification or shelving scheme | Dewey Decimal Classification |
| Item type | NB - Book (Non borrowing) |
| Withdrawn status | Item status | Source of classification or shelving scheme | Damaged status | Not for loan | Vendor | Home library | Current library | Shelving location | Date acquired | Source of acquisition | Total Checkouts | Full call number | Barcode | Date last seen | Koha item type | Total Renewals | Date last borrowed | Cost, normal purchase price | Serial Enumeration / chronology |
|---|---|---|---|---|---|---|---|---|---|---|---|---|---|---|---|---|---|---|---|
| Dewey Decimal Classification | Baccah | Central Library | Central Library | Lower Floor | 27/10/2010 | 005.74 ELM | 000021980 | 15/07/2025 | NB - Book (Non borrowing) | ||||||||||
| Dewey Decimal Classification | Baccah | Central Library | Central Library | Lower Floor | 27/10/2010 | 4 | 005.74 ELM | 000021981 | 15/07/2025 | Book - Borrowing | 12 | 18/10/2016 | |||||||
| Dewey Decimal Classification | Baccah | Central Library | Central Library | Lower Floor | 27/10/2010 | 5 | 005.74 ELM | 000021982 | 15/07/2025 | Book - Borrowing | 20 | 16/10/2024 | |||||||
| Dewey Decimal Classification | Baccah | Central Library | Central Library | Lower Floor | 27/10/2010 | 4 | 005.74 ELM | 000021983 | 15/07/2025 | Book - Borrowing | 38 | 16/10/2019 | |||||||
| Dewey Decimal Classification | Baccah | Central Library | Central Library | Lower Floor | 27/10/2010 | 4 | 005.74 ELM | 000021984 | 15/07/2025 | Book - Borrowing | 13 | 05/10/2016 | |||||||
| Dewey Decimal Classification | Baccah | Central Library | Central Library | Lower Floor | 27/10/2010 | 8 | 005.74 ELM | 000021985 | 15/07/2025 | Book - Borrowing | 43 | 24/01/2022 | |||||||
| Dewey Decimal Classification | Baccah | Central Library | Central Library | Lower Floor | 27/10/2010 | 8 | 005.74 ELM | 000021986 | 15/07/2025 | Book - Borrowing | 26 | 11/12/2019 | |||||||
| Dewey Decimal Classification | Baccah | Central Library | Central Library | Lower Floor | 03/10/2012 | 3 | 005.74 ELM | 000027531 | 15/07/2025 | Book - Borrowing | 22 | 26/10/2017 | 190.00 | 3 | |||||
| Dewey Decimal Classification | Baccah | Central Library | Central Library | Lower Floor | 03/10/2012 | 3 | 005.74 ELM | 000027532 | 15/07/2025 | Book - Borrowing | 35 | 26/10/2017 | 190.00 | 3 | |||||
| Dewey Decimal Classification | Central Library | Central Library | Lower Floor | 27/12/2017 | 005.74 ELM | 000047045 | 15/07/2025 | Book - Borrowing |